| 000 | 01576na a2200433 4500 | ||
|---|---|---|---|
| 001 | 17765 | ||
| 003 | MIRAKIL | ||
| 005 | 20181213154929.0 | ||
| 008 | 161104b tu 000 0 | ||
| 020 | _a9751928591 | ||
| 040 |
_aMilas _btur _cTR-AnCHP |
||
| 041 | _atur | ||
| 082 |
_a338.9622 _bM22 2001 |
||
| 090 | _a338.9622 M22 2001 | ||
| 245 |
_aMadencilik özel ihtisas komisyonu raporu _bMetal madenler alt komisyonu diğer metal madenler çalışma grubu raporu _cDevlet Planlama Teşkilatı |
||
| 246 | _aMetal madenler alt komisyonu diğer metal madenler çalışma grubu raporu | ||
| 246 | _aMadencilik | ||
| 260 |
_aAnkara _bDPT _c2001 |
||
| 300 |
_a79 s. _btbl. _c27 sm. |
||
| 440 |
_aDPT _v2629 |
||
| 490 |
_aÖİK _v640 |
||
| 500 | _aSekizinci beş yıllık kalkınma planı özel ihtisas komisyonu raporu | ||
| 504 | _aKaynakça var. | ||
| 610 | _aDevlet Planlama Teşkilatı (DPT) | ||
| 650 | _aManganez | ||
| 650 | _aKalay | ||
| 650 | _aMobilden | ||
| 650 |
_aVanadyum _xKalkınma planı, 2001 _yRaporlar |
||
| 650 |
_aNikel _xKalkınma planı, 2001 _yRaporlar |
||
| 650 |
_aTungsten _xKalkınma planı, 2001 _yRaporlar |
||
| 650 |
_aAntimuan _xKalkınma planı, 2001 _yRaporlar |
||
| 650 |
_aMadencilik _xKalkınma planı, 2001 _yRaporlar |
||
| 651 |
_aTürkiye _xBeş yıllık kalkınma planları |
||
| 710 | _aDevlet Planlama Teşkilatı (DPT) | ||
| 740 | _aMetal madenler alt komisyonu diğer metal madenler çalışma grubu raporu | ||
| 740 | _aMadencilik | ||
| 830 | _aDevlet Planlama Teşkilatı Yayınları | ||
| 942 |
_2ddc _cBKS |
||
| 999 |
_c3350 _d3350 |
||